000 00508nam a22002057a 4500
001 00028721
005 20260408082150.0
008 260408b ag ||||| |||| 00| 0 spa d
020 _a9789505157389
040 _bspa
_cAR-CcCEOS
080 _a860-36(82)
090 _bNIK2
100 0 _aNik,
_d1971-
_91029
245 _aGaturro 2 /
_cNik
250 _a17ยช ed.
260 _aBuenos Aires :
_bde la flor,
_c2014.
300 _a96 p. ;
_c20x14 cm.
650 0 _aliteratura infantil
942 _2udc
_cBK
999 _c28755
_d28755
945 _a66467
_bMelina Rolando
_c66467
_dMelina Rolando